| 000 | 00452nam a2200181Ia 4500 | ||
|---|---|---|---|
| 008 | 240925s9999 xx 000 0 und d | ||
| 020 | _a9788130930817 | ||
| 082 | _a658.81 MCC | ||
| 100 | _aMcclay, Renie | ||
| 245 | 4 | _aThe ART of Modern Sales Management | |
| 250 | _a1st | ||
| 260 |
_aNew Delhi: _bViva Books _c,2017. |
||
| 300 |
_a581p. _b0 _fOriginal |
||
| 500 | _aIncludes Index | ||
| 600 | _aManagement | ||
| 650 | _aManagement | ||
| 942 | _cBK | ||
| 999 |
_c16118 _d16118 |
||